000 00513nam a2200181Ia 4500
003 GCL
008 140319s9999 xx 000 0 eng d
040 _aGCL /
_cGCL
082 0 4 _a575.1
_bK E
100 1 _aسلمان قطاية(تقديم)
245 1 0 _aESSENTIALS OF GENETICS /
_cسلمان قطاية(تقديم)
700 1 _aGRAPPIN, PIERRE
700 1 _aCHARUE, JEAN.
260 _a[S.N] :
_bMACMILLAN PUBLISHING COMPANY ،
_c1993
300 _a513 P
650 0 4 _aFRANCAIS LANGUAGE
942 _2ddc
_cBK
999 _c24502
_d24502